000 00503nam a2200181Ia 4500
008 151018s9999 xx 000 0 und d
082 _bRBASDV25562
_a891.463
100 _aस न भागवत
245 _aअजाणता
250 _b1
260 _bआशिष प्रकाशन धुळे
_c1992
300 _a177
600 _aस न भागवत
630 _aअजाणता
700 _aस न भागवत
730 _aअजाणता
942 _cBOOK
999 _c1025175
_d1025172